000 00961ntm a22003977a 4500
005 20240315145311.0
008 170403b xxu||||| |||| 00| 0 spa d
020 _a9786075228556
041 _aESP
082 _a658.83 M478i10
100 _aMcDaniel Jr., Carl
100 _aGates, Roger
_941840
245 _aInvestigación de mercados
250 _a10 edición
260 _aMéxico
260 _bCengage Learning
260 _c2016
300 _a552 páginas
650 _aINVESTIGACIÓN DE MERCADOS
650 _aTOMA DE DECISIONES
650 _aMARKETING
650 _aÉTICA
650 _aCLIENTES EXTERNOS
650 _aCLIENTES INTERNOS
650 _aBIG DATA
650 _aINVESTIGACIÓN CUALITATIVA
650 _aGRUPOS DE ENFOQUE
650 _aENCUESTAS
650 _aOBSERVACIÓN
650 _aMEDICIÓN
650 _aCUESTIONARIOS
650 _aMUESTREO
942 _cBK
_2ddc
999 _c9205
_d9205